Plány bezpečnosti pitnej vody
Podľa WHO najúčinnejším spôsobom na zabezpečenie zdravotnej bezpečnosti pitnej vody a spoľahlivého zásobovania pitnou vodou je komplexné hodnotenie a manažment rizík vodárenského systému od zdroja vody až po spotrebiteľa. Pre tento prístup sa používa termín plány bezpečnosti pitnej vody. Plány bezpe...
Saved in:
| Main Author: | |
|---|---|
| Other Authors: | , |
| Format: | Book Chapter |
| Language: | Slovak |
| Subjects: | |
| Tags: |
No Tags, Be the first to tag this record!
|
MARC
| LEADER | 00000naa$a2200000$$$4500 | ||
|---|---|---|---|
| 001 | 0056229 | ||
| 005 | 20221128091613.2 | ||
| 041 | 0 | |a slo | |
| 044 | |a SK | ||
| 245 | 1 | 0 | |a Plány bezpečnosti pitnej vody |c Elena Büchlerová, Monika Karácsonyová, Karol Munka |
| 520 | |a Podľa WHO najúčinnejším spôsobom na zabezpečenie zdravotnej bezpečnosti pitnej vody a spoľahlivého zásobovania pitnou vodou je komplexné hodnotenie a manažment rizík vodárenského systému od zdroja vody až po spotrebiteľa. Pre tento prístup sa používa termín plány bezpečnosti pitnej vody. Plány bezpečnosti pitnej vody vo vodárenskej praxi. | ||
| 610 | 2 | 0 | |a voda pitná |
| 610 | 2 | 0 | |a zásobovanie |
| 610 | 2 | 0 | |a ochrana vody |
| 610 | 2 | 0 | |a vodárenstvo |
| 100 | 1 | |a Büchlerová, Elena | |
| 700 | 1 | |a Karácsonyová, Monika | |
| 700 | 1 | |a Munka, Karol | |